Một số qui định về tiền lương và tiền thưởng đối với công nhân viên chức Nhà nước hiện nay

Αποθηκεύτηκε σε:
Λεπτομέρειες βιβλιογραφικής εγγραφής
Μορφή: Βιβλίο
Γλώσσα:Undetermined
Έκδοση: Hà Nội Lao động 1983
Θέματα:
Ετικέτες: Προσθήκη ετικέτας
Δεν υπάρχουν, Καταχωρήστε ετικέτα πρώτοι!
Thư viện lưu trữ: Trung tâm Học liệu Trường Đại học Cần Thơ
LEADER 00574nam a2200157Ia 4500
001 CTU_5924
008 210402s9999 xx 000 0 und d
082 |a 342.597 
082 |b M458 
245 0 |a Một số qui định về tiền lương và tiền thưởng đối với công nhân viên chức Nhà nước hiện nay 
260 |a Hà Nội 
260 |b Lao động 
260 |c 1983 
650 |a finance, public - vietnam 
904 |i Nguyễn Quang Điền, 960806 
980 |a Trung tâm Học liệu Trường Đại học Cần Thơ